[Event "It"]
[Site "masterchessopen.com Skopje (Macedonia)"]
[Round "0"]
[White "Gligoric Svetozar (SRB)"]
[Black "Gheorghiu Florin (ROM)"]
[Result "1/2-1/2"]
[WhiteElo "2447"]
[BlackElo "2383"]

1.d4 Nf6 2.c4 e6 3.Nc3 Bb4 4.e3 O-O 5.Bd3 c5 6.Nf3 d5 7.O-O dxc4 8.Bxc4 Nc6
9.a3 Ba5 10.Qd3 a6 11.Rd1 b5 12.Ba2 c4 13.Qe2 Qe8 14.e4 e5 15.d5 Nd4 16.Nxd4
exd4 17.Rxd4 Qe5 18.Be3 Ng4 19.f4 Qb8 20.Rad1 Nxe3 21.Qxe3 Bb6 22.Bb1 a5
23.Nxb5 Bc5 24.a4 Bd7 25.e5 Bxb5 26.axb5 Qxb5 27.Kh1 Bxd4 28.Qxd4 Rab8 29.Qe4
g6 30.f5 Qxb2 31.e6 fxe6 32.fxe6 Qd2 33.Rg1 Rf2 34.h3 Re2 35.Qxc4 Re1 36.Bd3
Rxg1+ 37.Kxg1 Qe3+ 38.Kh2 Qe5+ 39.Kg1 Qe3+ 40.Kh2 Qe5+ 41.Kg1 a4 42.e7 Qd6
43.Qxa4 Qxe7 44.Qe4 Qc5+ 45.Kh1 Qd6 46.Kg1 Rb7 47.Qe6+ Qxe6 48.dxe6 Kf8 49.Ba6
Rb8 50.h4 Ke7 51.h5 g5 52.Bd3 h6 53.Bf5 Rb6 54.Kf2 Rxe6 55.Bxe6 Kxe6 56.Ke3
Kf5 57.Kf3 g4+ 58.Ke3 Ke5 59.g3 {#d} 1/2-1/2

[Event "It"]
[Site "masterchessopen.com Solingen (Germany)"]
[Round "10"]
[White "Donner Jan-Hein (NED)"]
[Black "O'kelly De Galway Alberic (BEL)"]
[Result "1/2-1/2"]
[WhiteElo "2430"]
[BlackElo "2460"]

1.d4 Nf6 2.c4 e6 3.Nc3 Bb4 4.e3 c5 5.Bd3 O-O 6.Nf3 d5 7.O-O dxc4 8.Bxc4 Nc6
9.a3 Ba5 10.Bd3 Qe7 11.Qc2 cxd4 12.exd4 Rd8 13.Be3 Bd7 14.Rfe1 Rac8 15.b4 Nxb4
16.axb4 Bxb4 17.Bd2 Bxc3 18.Bxc3 Nd5 19.Bxh7+ Kh8 20.Be4 Nxc3 {#d} 1/2-1/2

[Event "It"]
[Site "masterchessopen.com Solingen (Germany)"]
[Round "14"]
[White "Donner Jan-Hein (NED)"]
[Black "Wade Robert G (ENG)"]
[Result "1-0"]
[WhiteElo "2430"]
[BlackElo "2148"]

1.d4 Nf6 2.c4 e6 3.Nc3 Bb4 4.e3 c5 5.Bd3 d5 6.Nf3 O-O 7.O-O Nc6 8.a3 dxc4
9.Bxc4 Ba5 10.Bd3 Bd7 11.Ne4 cxd4 12.exd4 h6 13.Qe2 Bb6 14.Be3 Nxe4 15.Bxe4
Qf6 16.Rad1 Rfd8 17.Rd2 Be8 18.Rfd1 Rd6 19.d5 exd5 20.Bxd5 Rad8 21.Bxb6 axb6
22.Qe3 Kh8 23.h3 Na5 24.Ne5 Nb3 25.Ng4 Nxd2 26.Nxf6 Nc4 27.Nxe8 Nxe3 28.Nxd6
{#r} 1-0

[Event "It"]
[Site "masterchessopen.com Solingen (Germany)"]
[Round "7"]
[White "Lehmann Heinz G (GER)"]
[Black "Wade Robert G (ENG)"]
[Result "1-0"]
[WhiteElo "2285"]
[BlackElo "2148"]

1.d4 Nf6 2.c4 e6 3.Nc3 Bb4 4.Nf3 c5 5.e3 d5 6.Be2 O-O 7.O-O dxc4 8.Bxc4 Nc6
9.a3 Ba5 10.Qd3 a6 11.Rd1 b5 12.Ba2 c4 13.Qe2 Qe8 14.Bb1 e5 15.Ne4 Nxe4
16.Bxe4 Bg4 17.h3 Bh5 18.Bxc6 Qxc6 19.g4 Bg6 20.Nxe5 Qd6 21.e4 Bc7 22.Bf4 Rac8
23.Bg3 Qe7 24.Nxg6 hxg6 25.Bxc7 Rxc7 26.d5 Qe5 27.d6 Rc5 28.Qe3 Rc6 29.Qd4
Qxd4 30.Rxd4 Rd8 31.e5 f6 32.f4 Kf7 33.a4 fxe5 34.fxe5 Ke6 35.axb5 axb5 36.Re4
b4 37.Rc1 Rdc8 38.Kf2 Rc5 39.Ke3 Rxe5 40.Rxe5+ Kxe5 41.d7 Rd8 42.Rxc4 Rxd7
43.Rxb4 Rd1 44.Rb5+ Ke6 45.Rb6+ Kf7 46.Ke4 Re1+ 47.Kf4 Rh1 48.Kg5 Rxh3 49.Rb7+
Kg8 50.Kxg6 Rh6+ 51.Kg5 Rh1 52.b4 Kh7 53.Re7 Rf1 54.b5 Rb1 55.Re5 Rb4 56.Kf5
Kg8 57.g5 Kf7 58.g6+ Kf8 59.Kg5 Rc4 60.b6 Rb4 61.Re6 Rb5+ 62.Kf4 Rc5 63.Ke4
{#r} 1-0

[Event "It"]
[Site "masterchessopen.com Vinkovci (Croatia)"]
[Round "0"]
[White "Ivkov Borislav (SRB)"]
[Black "Wade Robert G (ENG)"]
[Result "1-0"]
[WhiteElo "2416"]
[BlackElo "2148"]

1.d4 Nf6 2.c4 e6 3.Nc3 Bb4 4.Nf3 c5 5.e3 O-O 6.Bd3 d5 7.O-O Nc6 8.a3 dxc4
9.Bxc4 Ba5 10.Qd3 a6 11.Rd1 b5 12.Ba2 c4 13.Qe2 Qe8 14.h3 Bb7 15.e4 e5 16.d5
Nd4 17.Nxd4 exd4 18.Rxd4 Bxc3 19.bxc3 Nxd5 20.Bd2 f5 21.Re1 fxe4 22.Rxe4 Qc6
23.f3 Qc5+ 24.Qf2 Qxf2+ 25.Kxf2 Rad8 26.R1e2 Rd7 27.Bb1 Rfd8 28.Re8+ Rxe8
29.Rxe8+ Kf7 30.Rb8 Ne7 31.Be3 Nc6 32.Rh8 h6 33.Be4 Ne5 34.Bf5 Nd3+ 35.Kg3 Rd6
36.Rb8 Bd5 37.h4 Rf6 38.Bh7 Bc6 39.Bd4 Rd6 40.Rb6 Nc1 41.Kf2 Nd3+ 42.Kg3 g6
43.h5 gxh5 44.Rxa6 h4+ 45.Kxh4 Ke7 46.Bf5 Bd7 47.Ra7 Kd8 48.Be4 Bc6 49.Bf5 Bd7
50.Bxd7 Rxd7 51.Rxd7+ Kxd7 52.g3 Ne1 53.Kg4 Kd6 54.Be3 Kd5 55.Bxh6 Nd3 56.Bf8
Ne5+ 57.Kf5 Nxf3 58.g4 Nh4+ 59.Kf6 {#r} 1-0

[Event "It \"]
[Site "masterchessopen.com Wijk aan Zee (Netherlands)"]
[Round "0"]
[White "Portisch Lajos (HUN)"]
[Black "Karaklajic Nikola (SRB)"]
[Result "1-0"]
[WhiteElo "2523"]
[BlackElo "2303"]

1.d4 Nf6 2.c4 e6 3.Nc3 Bb4 4.e3 c5 5.Bd3 d5 6.Nf3 dxc4 7.Bxc4 O-O 8.O-O Nc6
9.a3 Ba5 10.Qd3 h6 11.Bd2 Bxc3 12.Bxc3 cxd4 13.exd4 Nd5 14.Bd2 Qf6 15.Qe4 Rd8
16.Ne5 Qf5 17.Qxf5 exf5 18.Nxc6 bxc6 19.Be2 Rb8 20.b4 Bb7 21.Rac1 a6 22.Bd3
Nf6 23.Bxf5 Rxd4 24.Bc3 Rd5 25.Bb1 Re8 26.h3 Rdd8 27.Bxf6 gxf6 28.Rfd1 Rxd1+
29.Rxd1 a5 30.bxa5 Ra8 31.Ba2 Rxa5 32.Rd7 Ba6 33.Ra7 Rxa3 34.Bxf7+ Kf8 35.Bc4
Ra1+ 36.Kh2 Bxc4 37.Rxa1 Kf7 38.Kg3 Bd5 39.f3 Kg6 40.Kf4 h5 41.Ra7 Bc4 42.h4
Bf1 43.g4 c5 44.Ra5 hxg4 45.fxg4 c4 46.Ra7 Bd3 47.Rc7 Kh6 48.h5 {#r} 1-0

[Event "It"]
[Site "masterchessopen.com Bad Pyrmont (Germany)"]
[Round "12"]
[White "Bjerre Troels (DEN)"]
[Black "Neckar Lubomir (CZE)"]
[Result "0-1"]
[WhiteElo "2380"]
[BlackElo "2367"]

1.d4 Nf6 2.c4 e6 3.Nc3 Bb4 4.e3 O-O 5.Bd3 d5 6.Nf3 c5 7.O-O dxc4 8.Bxc4 Nc6
9.a3 Ba5 10.Qd3 a6 11.Rd1 b5 12.Ba2 c4 13.Qe2 Qe8 14.Bd2 Bb6 15.b3 cxb3
16.Bxb3 Bb7 17.Be1 Qe7 18.e4 Na5 19.Bc2 Rfc8 20.e5 Nd5 21.Qd3 g6 22.Nxd5 Bxd5
23.Bd2 Rc4 24.Ng5 Rxd4 25.Qh3 h5 26.Bxa5 Rxd1+ 27.Rxd1 Bxa5 28.Ne4 Bxe4
29.Bxe4 Rd8 30.Rxd8+ Qxd8 31.Qf3 Qd4 32.g3 Qxe5 33.Bb7 Qd6 34.Bc8 Bb6 35.Qa8
Kg7 36.Bxa6 Qxa3 37.Qc8 Qb2 {#R} 0-1

[Event "It"]
[Site "masterchessopen.com Bad Pyrmont (Germany)"]
[Round "10"]
[White "Vogel Jaap (NED)"]
[Black "Neckar Lubomir (CZE)"]
[Result "1/2-1/2"]
[WhiteElo "2207"]
[BlackElo "2367"]

1.d4 Nf6 2.c4 e6 3.Nc3 Bb4 4.e3 O-O 5.Nf3 d5 6.Bd3 c5 7.O-O dxc4 8.Bxc4 Nc6
9.a3 Ba5 10.Bd3 cxd4 11.exd4 Bb6 12.Bg5 h6 13.Be3 Nd5 14.Nxd5 Qxd5 15.Bc2 Qh5
16.Qd3 g6 17.Bd1 Qf5 {#d} 1/2-1/2

[Event "Ch Argentina"]
[Site "masterchessopen.com Buenos Aires (Argentina)"]
[Round "8"]
[White "Panno Oscar (ARG)"]
[Black "Bronstein Luis (ARG)"]
[Result "1-0"]
[WhiteElo "2438"]
[BlackElo "2349"]

1.d4 Nf6 2.c4 e6 3.Nc3 Bb4 4.e3 O-O 5.Bd3 d5 6.Nf3 c5 7.O-O dxc4 8.Bxc4 Nc6
9.a3 Ba5 10.Qd3 a6 11.Rd1 b5 12.Ba2 c4 13.Qc2 Bb7 14.Bb1 Ne7 15.Qe2 Bxc3
16.bxc3 Ne4 17.Bb2 Ng6 18.Ne1 f5 19.f3 Ng5 20.a4 Qf6 21.Ba3 Rfd8 22.Bc5 Nh4
23.Kh1 Qg6 24.f4 Ne4 25.Bxe4 fxe4 26.Be7 Nf5 27.Bxd8 Rxd8 28.axb5 axb5 29.Ra7
Bd5 30.Rb1 h5 31.Rxb5 Kh7 32.Nc2 h4 33.Kg1 h3 34.g3 Rf8 35.Kf2 Rf6 36.Rb8 Qh6
37.Ra1 Rg6 38.Rg1 Rf6 39.Nb4 Qg6 40.g4 Nh4 41.Rg3 Qg5 42.Nxd5 exd5 43.Kg1 Nf3+
44.Qxf3 exf3 45.fxg5 Ra6 46.Rxh3+ {#r} 1-0

[Event "Memorial J.Capablanca"]
[Site "masterchessopen.com Habana (Cuba)"]
[Round "0"]
[White "Donner Jan-Hein (NED)"]
[Black "Parma Bruno (SLO)"]
[Result "1/2-1/2"]
[WhiteElo "2430"]
[BlackElo "2480"]

1.d4 Nf6 2.c4 e6 3.Nc3 Bb4 4.e3 c5 5.Bd3 O-O 6.Nf3 d5 7.O-O Nc6 8.a3 dxc4
9.Bxc4 Ba5 10.Qd3 a6 11.dxc5 Qxd3 12.Bxd3 Bxc3 13.bxc3 Rd8 14.Bc2 Na5 15.e4
Bd7 16.Be3 Bc6 17.e5 Nd7 18.Bd4 Rdc8 19.Nd2 Bd5 20.Rfb1 Nxc5 21.a4 Nd7 22.f4
f5 23.exf6 Nxf6 24.Bd3 Nh5 25.g3 Nc6 26.Bf2 Ne7 27.c4 Bc6 28.Ne4 Rd8 29.Bc2
Nf6 30.Re1 Nxe4 31.Bxe4 Rac8 32.Rab1 Rd7 33.Bc2 Rd2 34.Rbc1 Kf7 35.Kf1 Rcd8
{#d} 1/2-1/2

[Event "Memorial J.Capablanca"]
[Site "masterchessopen.com Habana (Cuba)"]
[Round "0"]
[White "Panno Oscar (ARG)"]
[Black "Parma Bruno (SLO)"]
[Result "1/2-1/2"]
[WhiteElo "2438"]
[BlackElo "2480"]

1.d4 Nf6 2.c4 e6 3.Nc3 Bb4 4.e3 c5 5.Bd3 O-O 6.Nf3 d5 7.O-O dxc4 8.Bxc4 Nc6
9.a3 Ba5 10.Qd3 a6 11.Rd1 b5 12.Ba2 Bb6 13.Bb1 Bb7 14.dxc5 Qxd3 15.Bxd3 Bxc5
16.b4 Be7 17.Bb2 Rfd8 {#d} 1/2-1/2

[Event "Memorial J.Capablanca"]
[Site "masterchessopen.com Habana (Cuba)"]
[Round "0"]
[White "Pomar Salamanca Arturo (ESP)"]
[Black "Parma Bruno (SLO)"]
[Result "0-1"]
[WhiteElo "2345"]
[BlackElo "2480"]

1.d4 Nf6 2.c4 e6 3.Nc3 Bb4 4.e3 c5 5.Nf3 O-O 6.Bd3 d5 7.O-O dxc4 8.Bxc4 Nc6
9.a3 Ba5 10.Bd3 cxd4 11.exd4 Bb6 12.Be3 h6 13.Rc1 Ng4 14.Na4 e5 15.Nxb6 Qxb6
16.Bb1 Nxe3 17.fxe3 exd4 18.Qd3 g6 19.Nh4 Ne7 20.exd4 Nf5 21.Rf4 Rd8 22.Nf3
Be6 23.g4 Qd6 24.Ne5 Nh4 25.Qg3 g5 26.Qd3 f5 27.Rf2 Qxd4 28.Qxd4 Rxd4 29.gxf5
Rc8 30.Rxc8+ Bxc8 31.Bd3 Bxf5 32.Rxf5 Nxf5 33.Bxf5 Rd1+ 34.Kf2 Rd2+ 35.Kg3
Rxb2 36.a4 Kg7 37.h3 Ra2 38.Bd7 h5 39.Bb5 Ra3+ 40.Kg2 Kf6 41.Nc4 Ra2+ 42.Kf3
Rh2 43.Kg3 Rc2 44.Nd6 a6 45.Bd3 Ra2 46.Kf3 Rxa4 47.Nxb7 a5 48.Nc5 Rf4+ 49.Ke3
a4 50.Ne4+ Kf5 51.Nd2+ Ke6 52.Bc4+ Kf6 53.Ba2 Rh4 54.Ne4+ Kf5 55.Nf2 a3
56.Bb1+ Ke6 57.Ba2+ Ke5 58.Bb3 Kf5 59.Bc2+ Kf6 60.Bb3 Rb4 61.Ne4+ Kf5 62.Nc5
{#R} 0-1

[Event "?"]
[Site "masterchessopen.com Hungary"]
[Round "0"]
[White "Portisch Lajos (HUN)"]
[Black "Haag Ervin (HUN)"]
[Result "1-0"]
[WhiteElo "2523"]
[BlackElo "2284"]

1.d4 Nf6 2.c4 e6 3.Nc3 Bb4 4.e3 c5 5.Bd3 d5 6.Nf3 O-O 7.O-O dxc4 8.Bxc4 Nc6
9.a3 Ba5 10.Qd3 a6 11.Rd1 b5 12.Ba2 c4 13.Qe2 Qe8 14.Bd2 Bb6 15.b3 cxb3
16.Bxb3 Bb7 17.Be1 e5 18.d5 Na5 19.Bc2 Nc4 20.a4 e4 21.Nd4 Nd6 22.axb5 Bxd4
23.Rxd4 Nxb5 24.Nxe4 Qe5 25.Nxf6+ Qxf6 26.Rdd1 Rfc8 27.Qd3 g6 28.Bb3 h5 29.Ba5
h4 30.h3 Nc3 31.Re1 Rc5 32.Qd4 Qxd4 33.exd4 Rb5 34.d6 Rxb3 35.d7 Bc6 36.d8=Q+
Rxd8 37.Bxd8 Bb5 38.Bxh4 Ne2+ 39.Kh2 Nxd4 40.Bf6 Ne6 41.Rac1 Kh7 42.h4 g5
43.hxg5 Kg6 44.Re5 {#r} 1-0

[Event "It"]
[Site "masterchessopen.com Nethanya (Israel)"]
[Round "2"]
[White "Reshevsky Samuel H (USA)"]
[Black "Damjanovic Mato (CRO)"]
[Result "1-0"]
[WhiteElo "2430"]
[BlackElo "2303"]

1.d4 Nf6 2.c4 e6 3.Nc3 Bb4 4.e3 c5 5.Bd3 d5 6.Nf3 O-O 7.O-O Nc6 8.a3 dxc4
9.Bxc4 Ba5 10.Qd3 a6 11.Rd1 b5 12.Ba2 Bb7 13.dxc5 Bxc3 14.Qc2 Qe7 15.Qxc3 Ne4
16.Qc2 Nxc5 17.e4 Rfc8 18.Bf4 Na4 19.Qd2 Rd8 20.Qe2 Rxd1+ 21.Rxd1 Rd8 22.Rc1
h6 23.Bg3 Nd4 24.Nxd4 Rxd4 25.f3 Qg5 26.Rc2 Rd7 27.Bf2 Qd8 28.g3 Nb6 29.Kg2
Nc8 30.Be3 Ne7 31.Rd2 Nc6 32.Rxd7 Qxd7 33.Qd2 Qxd2+ 34.Bxd2 Kf8 35.Bc3 e5
36.Bd5 f6 37.f4 exf4 38.gxf4 Ke8 39.Kf3 Nd8 40.Kg4 Bxd5 41.exd5 Nb7 42.Bb4 g6
43.f5 g5 44.a4 Kf7 45.axb5 axb5 46.Kh5 {#r} 1-0

[Event "Ch USA"]
[Site "masterchessopen.com New York (USA)"]
[Round "0"]
[White "Reshevsky Samuel H (USA)"]
[Black "Burger Karl (USA)"]
[Result "1-0"]
[WhiteElo "2430"]
[BlackElo "2310"]

1.d4 Nf6 2.c4 e6 3.Nc3 Bb4 4.e3 O-O 5.Bd3 c5 6.Nf3 d5 7.O-O Nc6 8.a3 dxc4
9.Bxc4 Ba5 10.Bd3 Qe7 11.Ne4 Nxe4 12.Bxe4 Bb6 13.dxc5 Qxc5 14.b4 Qc4 15.Nd2
Qc3 16.Ra2 Rd8 17.Rc2 Qe5 18.Bb2 Qg5 19.Qe2 Ne7 20.f4 Qh6 21.Nc4 f5 22.Nxb6
axb6 23.Rc7 fxe4 24.Rxe7 Rd7 25.Re8+ Kf7 26.Rh8 {#r} 1-0

[Event "It"]
[Site "masterchessopen.com Olot (Spain)"]
[Round "0"]
[White "Pomar Salamanca Arturo (ESP)"]
[Black "O'kelly De Galway Alberic (BEL)"]
[Result "1/2-1/2"]
[WhiteElo "2345"]
[BlackElo "2460"]

1.d4 Nf6 2.c4 e6 3.Nc3 Bb4 4.e3 c5 5.Bd3 O-O 6.Nf3 d5 7.O-O dxc4 8.Bxc4 Nc6
9.a3 Ba5 10.Qd3 a6 11.Rd1 b5 12.Ba2 Bb7 13.Bd2 Bb6 14.Be1 cxd4 15.exd4 Qe7
16.Rac1 Rfd8 17.Ne2 Rac8 18.Bc3 Nb8 19.Ng3 Bc7 20.Re1 Bf4 21.Rcd1 Bd5 22.Bb1
Nbd7 23.Ba5 Bxg3 24.Bxd8 Bxf2+ 25.Kxf2 Qxd8 26.Rc1 Rxc1 27.Rxc1 g6 28.Qc3 Bb7
29.Qc7 Qa8 30.Rc3 Kg7 31.Kg1 Bxf3 32.Rxf3 Qd5 33.Qf4 h5 34.h3 g5 35.Qe3 g4
36.hxg4 hxg4 37.Rf1 Qh5 38.Ba2 Qg6 39.Qf4 Nh5 40.Qd6 Qe4 41.Qxd7 Qe3+ 42.Kh2
Qg3+ 43.Kg1 Qe3+ 44.Kh2 Qg3+ 45.Kh1 Nf4 46.Rxf4 Qxf4 47.Bxe6 g3 {#d} 1/2-1/2

[Event "Ch Argentina (qual)"]
[Site "masterchessopen.com Villa Gesell (Argentina)"]
[Round "1"]
[White "Luckis Marcos"]
[Black "Garcia Raimundo (ARG)"]
[Result "0-1"]
[WhiteElo "2270"]
[BlackElo "2327"]

1.d4 Nf6 2.c4 e6 3.Nc3 Bb4 4.e3 O-O 5.Bd3 d5 6.Nf3 c5 7.O-O dxc4 8.Bxc4 Nc6
9.a3 Ba5 10.Qd3 a6 11.Rd1 b5 12.Ba2 c4 13.Qe2 Qe8 14.e4 e5 15.d5 Nd8 16.Bd2
Nb7 17.b3 cxb3 18.Bxb3 Nd7 19.Na2 Ndc5 20.Bc2 Bxd2 21.Nxd2 Bd7 22.Nb4 Rc8
23.Rac1 Qe7 24.f3 a5 25.Nc6 Bxc6 26.dxc6 Rxc6 27.Qxb5 Qc7 28.Nc4 Ne6 29.Ba4
Rc5 30.Qa6 Nd4 31.Kf1 Rc8 32.Rb1 Rxc4 33.Rxb7 Qc5 34.Bb3 Nxb3 35.Rxb3 Rc2
36.Qb6 Qc4+ 37.Rbd3 a4 38.Qb4 g6 39.Qxc4 R8xc4 40.Rd5 Ra2 41.R1d2 Rxd2 42.Rxd2
Rc3 43.Ra2 Kf8 44.Kf2 Ke7 45.Kg3 Kd6 46.h4 Kc5 47.h5 gxh5 48.Kh4 Kc4 49.Kg5
Kb3 50.Rd2 Kxa3 51.Kf6 Kb3 52.Kxf7 a3 53.f4 exf4 54.e5 a2 55.Rxa2 Kxa2 56.e6
h4 57.e7 Re3 58.e8=Q Rxe8 59.Kxe8 h3 {#R} 0-1

[Event "Ch World (team) (under 26) (final A)"]
[Site "masterchessopen.com Dresden (Germany)"]
[Date "1969.08.08"]
[Round "1"]
[White "De Fotis Gregory (USA)"]
[Black "Votruba Pavel (CZE)"]
[Result "1-0"]
[WhiteElo "2390"]
[BlackElo "2241"]

1.d4 Nf6 2.c4 e6 3.Nc3 Bb4 4.e3 O-O 5.Bd3 c5 6.Nf3 d5 7.O-O dxc4 8.Bxc4 Nc6
9.a3 Ba5 10.Qd3 a6 11.Rd1 b5 12.Ba2 Bb7 13.Qe2 Qe7 14.Bd2 Bb6 15.dxc5 Bxc5
16.Be1 Ba7 17.Rac1 b4 18.axb4 Nxb4 19.Bb1 e5 20.Ng5 e4 21.Ngxe4 a5 22.Nxf6+
Qxf6 23.Be4 Bxe4 24.Nxe4 Qg6 25.Qc4 Rab8 26.Rd6 Qf5 27.Ng3 Qe5 28.Rd7 Bb6
29.Bc3 Qg5 30.Rcd1 Rbc8 31.Qe4 Na2 32.Be1 g6 33.Qb1 Nb4 34.Bc3 Rc6 35.R7d6 Qe7
36.Bxb4 Bxe3 37.fxe3 Qxe3+ 38.Kh1 Rc4 39.Bc3 Rh4 40.Qd3 {#r} 1-0

[Event "It"]
[Site "masterchessopen.com Bari (Italy)"]
[Round "12"]
[White "Janosevic Dragoljub (YUG)"]
[Black "Zuckerman Bernard (USA)"]
[Result "1-0"]
[WhiteElo "2330"]
[BlackElo "2455"]

1.d4 Nf6 2.c4 e6 3.Nc3 Bb4 4.e3 c5 5.Nf3 O-O 6.Bd3 d5 7.O-O dxc4 8.Bxc4 Nc6
9.a3 Ba5 10.Na4 cxd4 11.exd4 Ne7 12.Bg5 Nf5 13.Bd3 h6 14.Bxf5 exf5 15.Bxf6
Qxf6 16.Rc1 Bd7 17.Rc5 Bxa4 18.Qxa4 Bb6 19.Re5 Rad8 20.Rfe1 g6 21.h4 Rd6 22.h5
g5 23.Qb5 f4 24.Rf5 Qd8 25.Ne5 Kg7 26.Qc4 f6 27.Ng6 Rxd4 28.Nxf8 Qxf8 29.Qe2
Qf7 30.Rd1 Qd7 31.Rxd4 Bxd4 32.Qe4 Be5 33.Rxe5 fxe5 34.Qg6+ Kf8 35.Qxh6+ Qg7
36.Qd6+ Qe7 37.Qg6 e4 38.Kf1 e3 39.fxe3 Qxe3 40.Qf5+ Ke8 41.Qc8+ Kf7 42.Qxb7+
Kg8 43.Qc8+ Kh7 44.Qc2+ Kg8 45.Qg6+ Kh8 46.Qh6+ Kg8 47.Qxg5+ Kh8 48.Qh6+ Kg8
49.Qg6+ Kh8 50.Qc2 Qe8 51.Qc3+ Kh7 52.Qc7+ Kh6 53.Qxf4+ Kxh5 54.Qf5+ Kh6
55.Qc5 Qf7+ 56.Kg1 Qb3 57.Qc3 Qb6+ 58.Kh2 a5 59.b4 axb4 60.axb4 Qd6+ 61.g3 Qd1
62.Qf6+ Kh7 63.Qf5+ Kg7 64.b5 Qd4 65.Qg5+ {#r} 1-0

[Event "It"]
[Site "masterchessopen.com Caracas (Venezuela)"]
[Round "0"]
[White "Addison Wiliam G (USA)"]
[Black "O'kelly De Galway Alberic (BEL)"]
[Result "1/2-1/2"]
[WhiteElo "2490"]
[BlackElo "2460"]

1.d4 Nf6 2.c4 e6 3.Nc3 Bb4 4.e3 c5 5.Bd3 O-O 6.Nf3 d5 7.O-O dxc4 8.Bxc4 Nc6
9.a3 Ba5 10.Qd3 a6 11.Rd1 b5 12.Ba2 Bb6 13.dxc5 Qxd3 14.Rxd3 Bxc5 15.Bd2 Bb7
16.Rc1 Bb6 17.Be1 Rfd8 18.Rcd1 Rxd3 19.Rxd3 Rd8 20.Rxd8+ Bxd8 {#d} 1/2-1/2

[Event "It"]
[Site "masterchessopen.com Caracas (Venezuela)"]
[Round "9"]
[White "Addison Wiliam G (USA)"]
[Black "Parma Bruno (SLO)"]
[Result "0-1"]
[WhiteElo "2490"]
[BlackElo "2480"]

1.d4 Nf6 2.c4 e6 3.Nc3 Bb4 4.e3 c5 5.Bd3 O-O 6.Nf3 d5 7.O-O dxc4 8.Bxc4 Nc6
9.a3 Ba5 10.Bd3 cxd4 11.exd4 h6 12.Be3 Bb6 13.Rc1 Ng4 14.Be4 e5 15.Bxc6 Nxe3
16.fxe3 exd4 17.Nxd4 bxc6 18.Na4 c5 19.Nf5 Qe8 20.Rc3 Bxf5 21.Rxf5 Rd8 22.Qc2
Ba5 23.Nxc5 Bxc3 24.Qxc3 Rd1+ 25.Rf1 Qd8 26.b4 Qd2 27.Qxd2 Rxd2 28.Rf2 Rfd8
29.a4 Rd1+ 30.Rf1 Rxf1+ 31.Kxf1 Rd2 32.b5 Kf8 33.Na6 Ra2 34.Nb8 Ke8 {#R} 0-1

[Event "It"]
[Site "masterchessopen.com Lugano (Switzerland)"]
[Round "0"]
[White "Unzicker Wolfgang (GER)"]
[Black "Olafsson Fridrik (ISL)"]
[Result "1-0"]
[WhiteElo "2433"]
[BlackElo "2434"]

1.d4 Nf6 2.c4 e6 3.Nc3 Bb4 4.e3 c5 5.Nf3 O-O 6.Bd3 d5 7.O-O Nc6 8.a3 dxc4
9.Bxc4 Ba5 10.Qd3 a6 11.Ne4 b5 12.Nxf6+ Qxf6 13.Qe4 Bb7 14.Bd3 g6 15.dxc5 Rfd8
16.Be2 Rac8 17.Qc2 Ne5 18.e4 b4 19.Be3 bxa3 20.bxa3 Nxf3+ 21.Bxf3 Bc6 22.Be2
Bc3 23.Rad1 a5 24.f4 Rxd1 25.Rxd1 Rb8 26.e5 Bxe5 27.fxe5 Qxe5 28.Qd2 h5 29.Bd4
Qf5 30.Rf1 Rb1 31.Rxb1 Qxb1+ 32.Bf1 Bb5 33.Qf4 e5 34.Bxe5 Bxf1 35.Qxf1 Qe4
36.Bb2 {#r} 1-0

[Event "It (open)"]
[Site "masterchessopen.com Mar del Plata (Argentina)"]
[Round "7"]
[White "Emma Jaime (ARG)"]
[Black "Anelli Antonio (ARG)"]
[Result "1-0"]
[WhiteElo "2395"]
[BlackElo "2145"]

1.c4 Nf6 2.Nc3 e6 3.Nf3 Bb4 4.d4 O-O 5.e3 c5 6.Bd3 d5 7.O-O dxc4 8.Bxc4 Nc6
9.a3 Ba5 10.Qd3 a6 11.Rd1 b5 12.Ba2 Bb6 13.Qc2 c4 14.b3 cxb3 15.Bxb3 Qe8
16.Ne4 Na5 17.Nxf6+ gxf6 18.Ba2 Bb7 19.d5 Rc8 20.Qe4 Nc4 21.Qg4+ Kh8 22.Qh4
Bd8 23.e4 e5 24.Rb1 Qd7 25.a4 Rg8 26.axb5 axb5 27.h3 f5 28.Bg5 fxe4 29.Bf6+
Bxf6 30.Qxf6+ Rg7 31.Bxc4 exf3 32.Bxb5 Qd8 33.Qxf3 Qg5 34.Bd7 Rc3 35.Qg4 Qd8
36.Qf5 Rc7 37.Bc6 Bc8 38.Qf3 Qd6 39.Rb8 Rg8 40.Ra8 f5 41.Rb1 Rcg7 42.Rbb8 Bd7
43.Rxg8+ Rxg8 44.Rxg8+ Kxg8 45.Qg3+ Kf7 46.Bxd7 Qxd7 47.Qxe5 h6 48.Kh2 Kg6
49.Kg3 Kf7 50.Kf4 Kg6 51.Qe6+ {#r} 1-0

[Event "Tournament Armed Forces"]
[Site "masterchessopen.com Moscow (Russia)"]
[Round "6"]
[White "Furman Semen (RUS)"]
[Black "Gipslis Aivars (LAT)"]
[Result "1/2-1/2"]
[WhiteElo "2550"]
[BlackElo "2429"]

1.d4 Nf6 2.c4 e6 3.Nc3 Bb4 4.e3 c5 5.Bd3 O-O 6.Nf3 d5 7.O-O dxc4 8.Bxc4 Nc6
9.a3 Ba5 10.Bd3 cxd4 11.exd4 Bb6 12.Be3 Nd5 13.Nxd5 exd5 14.h3 h6 15.Bc2 Ne7
16.Ne5 Bf5 17.Bb3 Qd6 18.Rc1 Rac8 19.Qe2 Nc6 {#d} 1/2-1/2

[Event "Izt"]
[Site "masterchessopen.com Palma de Majorca (Spain)"]
[Round "0"]
[White "Portisch Lajos (HUN)"]
[Black "Polugaevsky Lev A (RUS)"]
[Result "0-1"]
[WhiteElo "2523"]
[BlackElo "2585"]

1.d4 Nf6 2.c4 e6 3.Nc3 Bb4 4.e3 O-O 5.Bd3 c5 6.Nf3 d5 7.O-O dxc4 8.Bxc4 Nc6
9.a3 Ba5 ( 9...Bxc3 10.bxc3 Qc7 { ?/= } ) 10.Qd3 ( 10.Ba2 { ?/= } ) 10...a6
11.Rd1 b5 12.Ba2 Bb6 13.Qc2 ( 13.dxc5 Qxd3 14.Rxd3 Bxc5 { = } ) 13...c4 14.Qe2
( 14.Bd2 { !? } 14...Bb7 15.Ne4 { = } ) 14...Qe8 15.b3 cxb3 16.Bxb3 Bb7 17.e4
e5 { ! } 18.dxe5 Nxe5 19.Nxe5 Qxe5 20.Bb2 Bd4 { ! } 21.Rxd4 { ? } ( 21.Bd5 { !
} 21...Bxc3 ( 21...Bxd5 22.Rxd4 { ! } ) ( 21...Nxd5 22.Rxd4 Qxd4 23.Nxd5 Qc5
24.Qg4 f6 25.Nxf6+ Kh8 26.Qxg7+ Kxg7 27.Nd7+ { ± } ) 22.Bxc3 Qxc3 23.Bxb7 Ra7
24.Bd5 Rd7 { =/? } ) 21...Qxd4 22.Re1 Rfe8 23.e5 Qg4 { ! } 24.f3 ( 24.Qxg4
Nxg4 25.Nd5 Rad8 { ??+ } ) 24...Qf4 25.g3 Qd4+ 26.Kf1 Qc5 27.Nd1 Bd5 28.Qc2
Qxc2 29.Bxc2 Nd7 30.f4 Bc4+ 31.Kg1 Nc5 32.Nf2 Rad8 33.Bc3 Nd3 { ??+ } 34.Bxd3
Bxd3 35.Ba5 Rd7 36.g4 Bc2 37.Rc1 Rc8 38.f5 Rd5 39.e6 fxe6 40.fxe6 Re5 41.Nd3
Rxe6 42.Nb4 Re2 43.Kf1 Rxh2 44.Kg1 Rh1+ {#R} 0-1

[Event "Olympiad"]
[Site "masterchessopen.com Siegen (Germany)"]
[Round "1"]
[White "Sirkia Mauri O (FIN)"]
[Black "Langeweg Kick (NED)"]
[Result "0-1"]
[WhiteElo "2350"]
[BlackElo "2309"]

1.d4 Nf6 2.c4 e6 3.Nc3 Bb4 4.e3 c5 5.Nf3 O-O 6.Bd3 d5 7.O-O dxc4 8.Bxc4 Nc6
9.a3 Ba5 10.Qd3 a6 11.Rd1 b5 12.Ba2 c4 13.Qe2 Qe8 14.e4 e5 15.d5 Nd4 16.Nxd4
exd4 17.Rxd4 Bb6 18.Be3 Ng4 19.f4 a5 20.a4 b4 21.Nb5 b3 22.Bb1 Nxe3 23.Qxe3
Ba6 24.Nd6 Qd7 25.e5 Qa7 26.Bxh7+ Kxh7 27.Qh3+ Kg8 28.Ne4 Bxd4+ 29.Kh1 f6
30.e6 Rad8 31.d6 Rfe8 32.d7 Re7 33.Rd1 Rexd7 34.exd7 Qxd7 35.Qg3 Qe7 {#R} 0-1

[Event "Olympiad"]
[Site "masterchessopen.com Siegen (Germany)"]
[Round "16"]
[White "Stull Norbert (LUX)"]
[Black "Rodriguez Orestes (ESP)"]
[Result "0-1"]
[WhiteElo "2081"]
[BlackElo "2403"]

1.d4 Nf6 2.c4 e6 3.Nc3 Bb4 4.e3 O-O 5.Bd3 d5 6.Nf3 c5 7.O-O Nc6 8.a3 dxc4
9.Bxc4 Ba5 10.Qe2 cxd4 11.exd4 Nxd4 12.Nxd4 Qxd4 13.Be3 Qe5 14.Rac1 Bd7 15.b4
Bb6 16.b5 Bxe3 17.fxe3 Rac8 18.Na2 h5 19.h3 Rc5 20.a4 Rfc8 21.Bb3 Rxc1 22.Nxc1
Rc3 23.Nd3 Qg5 24.Bc2 Nd5 25.Rf3 Nxe3 26.Rxe3 Rxc2 27.Qxc2 Qxe3+ 28.Kh1 e5
29.Nc5 Bc8 30.Ne4 Be6 31.Nd6 b6 32.Qc7 Bd5 33.Qc8+ Kh7 34.Qf5+ g6 35.Qf6 Qxh3+
{#R} 0-1